| 000 | 00486nam a2200181Ia 4500 | ||
|---|---|---|---|
| 001 | 3376 | ||
| 005 | 20260306145639.0 | ||
| 008 | 260306t1999||||xx |||||||||||||| ||spa|| | ||
| 041 | _aESP | ||
| 082 |
_a270.98 _bC76 |
||
| 100 |
_aIV Conferencia General del Episcopado Latinoamericano _eAUT |
||
| 245 | 0 | _aNueva evangelización promoción humana cultura cristiana | |
| 260 | _c1999 | ||
| 300 |
_a246 páginas : _c20 cm. |
||
| 650 | _aGEN | ||
| 654 | _aCHU | ||
| 942 |
_cLIB _dJUS _fJUS _2ddc _n |
||
| 999 |
_c3376 _d3376 |
||